[Event "XIII Festival Scacchi tra le Torri A"]
[Site "Melegnano ITA"]
[Date "2014.03.01"]
[Round "2"]
[White "Collutiis, Duilio"]
[Black "Giretti Kanev, Jasen"]
[WhiteElo "2474"]
[BlackElo "2170"]
[Result "1-0"]
[PlyCount "161"]
[EventDate "2014.02.28"]

1. g3 e5 2. c4 Nf6 3. Bg2 Bc5 4. Nc3 O-O 5. e3 Nc6 6. a3 a5 7. Nge2 Re8 8. O-O
e4 9. Qc2 Qe7 10. Nf4 b6 11. Nfd5 Nxd5 12. cxd5 Ne5 13. Qxe4 Ba6 14. d4 Bxf1
15. Kxf1 Nc4 16. Qd3 Nd6 17. Bd2 Bb4 18. axb4 axb4 19. Rxa8 Rxa8 20. Nd1 Qg5
21. Bxb4 Ra1 22. Bxd6 Qh5 23. g4 Qxg4 24. f3 Qg6 25. Qxg6 hxg6 26. Ke2 cxd6 27.
Bh3 Ra7 28. Nc3 Kf8 29. Kd2 Ke7 30. Bf1 Ra1 31. Nd1 g5 32. Bd3 Ra8 33. h3 Ra2
34. Bb1 Ra5 35. Nc3 Ra8 36. Ne4 Rh8 37. Nf2 Ra8 38. Bc2 Ra1 39. Bd1 Ra5 40. e4
Ra1 41. Ng4 Ra8 42. Ne3 g6 43. Nc4 b5 44. Na3 b4 45. Nc2 Rh8 46. Nxb4 Rxh3 47.
Nd3 f5 48. Nf2 Rh2 49. Ke3 Rh8 50. Bc2 Kf6 51. Ba4 Rb8 52. Nd3 fxe4 53. fxe4
Ke7 54. Bd1 Rh8 55. Bf3 Rh3 56. Nf2 Rh8 57. Bd1 Rh2 58. b4 Rh8 59. Be2 Ra8 60.
Bd3 Ra2 61. b5 Rb2 62. Ng4 Rg2 63. Be2 Rg3+ 64. Bf3 Rg1 65. e5 Rb1 66. Be2 Rb2
67. Nf6 Rb3+ 68. Bd3 dxe5 69. dxe5 d6 70. Ng8+ Kf8 71. exd6 Ra3 72. Nf6 Kf7 73.
Ng4 Ke8 74. Kd4 Kd8 75. Ne5 Rb3 76. Bxg6 Rxb5 77. Bf5 Rb7 78. Kc5 Ra7 79. d7
Rc7+ 80. Kd6 Rxd7+ 81. Bxd7 1-0

[Event "XIII Festival Scacchi tra le Torri A"]
[Site "Melegnano ITA"]
[Date "2014.03.01"]
[Round "2"]
[White "Gromovs, Sergejs"]
[Black "Salvador, Roland"]
[WhiteElo "2181"]
[BlackElo "2462"]
[Result "1-0"]
[PlyCount "93"]
[EventDate "2014.02.28"]

1. d4 Nf6 2. c4 e6 3. Nf3 b6 4. a3 Ba6 5. Qc2 Be7 6. e4 d6 7. Nc3 Bb7 8. Bd3
Nbd7 9. O-O e5 10. d5 Nc5 11. b4 Nxd3 12. Qxd3 a5 13. Bd2 O-O 14. Rfc1 Nh5 15.
bxa5 Rxa5 16. Nb5 Ra6 17. a4 Qd7 18. a5 Rfa8 19. Rab1 bxa5 20. c5 Bc8 21. c6
Qd8 22. Ra1 a4 23. Ra3 g6 24. Rca1 f5 25. exf5 Bxf5 26. Qc4 Nf6 27. Nxe5 Ne4
28. Nf3 Bf6 29. R1a2 Nxd2 30. Nxd2 Qb8 31. g4 Bxg4 32. Nxc7 Qxc7 33. Qxg4 Qa7
34. Ne4 Be5 35. Nxd6 Qe7 36. Nc4 Bg7 37. Re3 Qf7 38. Qe4 Bf8 39. Ne5 Qe7 40.
Qc4 Qc5 41. Qe4 Ra5 42. Nd7 Qd6 43. Qf3 Bg7 44. Rae2 h6 45. Re8+ Kh7 46. Qf7
Rxe8 47. Rxe8 1-0

[Event "XIII Festival Scacchi tra le Torri A"]
[Site "Melegnano ITA"]
[Date "2014.03.01"]
[Round "2"]
[White "Innocenti, Giovanni"]
[Black "Blengino, Cristiano"]
[WhiteElo "2083"]
[BlackElo "1943"]
[Result "1-0"]
[PlyCount "79"]
[EventDate "2014.02.28"]

1. e4 Nf6 2. e5 Nd5 3. c4 Nb6 4. d4 d6 5. exd6 exd6 6. Nc3 Nc6 7. Be3 Bf5 8.
Nf3 Be7 9. d5 Ne5 10. Nxe5 dxe5 11. Be2 O-O 12. O-O Nd7 13. Rc1 a5 14. Na4 Bg6
15. c5 Bg5 16. Bxg5 Qxg5 17. Qb3 Rfb8 18. Rfd1 e4 19. d6 cxd6 20. cxd6 b5 21.
Nc3 b4 22. Nd5 Bh5 23. Bxh5 Qxh5 24. Ne7+ Kf8 25. Rc7 a4 26. Qd5 Qxd5 27. Rxd5
Nf6 28. Rd4 b3 29. a3 Rd8 30. Nc6 Rd7 31. Ne5 Rad8 32. Nxd7+ Nxd7 33. Rxa4 f5
34. Raa7 Ke8 35. Kf1 h6 36. Ke2 g5 37. a4 f4 38. Rab7 f3+ 39. gxf3 exf3+ 40.
Kxf3 1-0

[Event "XIII Festival Scacchi tra le Torri A"]
[Site "Melegnano ITA"]
[Date "2014.03.01"]
[Round "2"]
[White "Minerva, Enzo"]
[Black "Rigo, Gianfrancesco"]
[WhiteElo "2043"]
[BlackElo "2013"]
[Result "1/2-1/2"]
[PlyCount "84"]
[EventDate "2014.02.28"]

1. Nf3 e6 2. g3 Nf6 3. d3 d5 4. Bg2 Be7 5. O-O O-O 6. Nbd2 b6 7. Re1 Bb7 8. e4
dxe4 9. Ng5 Nbd7 10. Ngxe4 Rb8 11. a4 c5 12. a5 b5 13. Nxf6+ Nxf6 14. Ne4 Nxe4
15. Bxe4 Bxe4 16. dxe4 Qc7 17. Qh5 Rbd8 18. Bf4 Qc6 19. Qe2 Rd7 20. c4 b4 21.
Rad1 Rfd8 22. Rxd7 Qxd7 23. f3 Qa4 24. Kf2 Qxa5 25. Rd1 Rxd1 26. Qxd1 Qd8 27.
Qxd8+ Bxd8 28. Bd6 Bb6 29. Ke3 f6 30. f4 Kf7 31. g4 g6 32. e5 f5 33. g5 Ke8 34.
Kd3 Kd7 35. Kc2 Kc6 36. Kb3 Bd8 37. h4 Bc7 38. Bxc7 Kxc7 39. Ka4 Kb6 40. b3 Ka6
41. h5 gxh5 42. g6 hxg6 1/2-1/2

[Event "XIII Festival Scacchi tra le Torri A"]
[Site "Melegnano ITA"]
[Date "2014.03.01"]
[Round "2"]
[White "Mrdja, Milan"]
[Black "Xia, Jie"]
[WhiteElo "2367"]
[BlackElo "2274"]
[Result "1-0"]
[PlyCount "115"]
[EventDate "2014.02.28"]

1. e4 c5 2. Nf3 g6 3. h4 Nc6 4. h5 Bg7 5. d3 d5 6. exd5 Qxd5 7. Nc3 Bxc3+ 8.
bxc3 Bg4 9. hxg6 fxg6 10. Be2 Nf6 11. Be3 e5 12. c4 Qd6 13. Ng5 Bxe2 14. Qxe2
O-O 15. O-O Rae8 16. f3 Nd4 17. Qd2 b6 18. Rae1 Qd7 19. c3 Nc6 20. Rd1 Rd8 21.
Qe2 Qe7 22. Rfe1 Kg7 23. Nh3 Qd6 24. Qd2 Rf7 25. Bg5 Rfd7 26. Nf2 Ng8 27. Ng4
h5 28. Nf2 Nf6 29. Qe3 Rb7 30. Rd2 Rdb8 31. Red1 Nh7 32. Ne4 Qd7 33. Bh4 Re8
34. Re1 Ne7 35. Bxe7 Qxe7 36. a4 Nf8 37. d4 exd4 38. cxd4 cxd4 39. Qxd4+ Qe5
40. Qf2 Rbe7 41. Rd5 Qc7 42. Qb2+ Kh6 43. Qd2+ Kg7 44. Qc3+ Kh6 45. Red1 Qf4
46. g3 Qc7 47. Kg2 Re5 48. R5d2 Qc6 49. Rd6 Qc7 50. R6d4 R8e7 51. Qd2+ Kg7 52.
Qc3 Kh6 53. Rd6 Nh7 54. Qd4 Nf8 55. a5 Rxa5 56. c5 bxc5 57. Qh8+ Nh7 58. Nf6
1-0

[Event "XIII Festival Scacchi tra le Torri A"]
[Site "Melegnano ITA"]
[Date "2014.03.01"]
[Round "2"]
[White "Tagliaferri, Valerio"]
[Black "Pelizzola, Danilo"]
[WhiteElo "1892"]
[BlackElo "2143"]
[Result "1-0"]
[PlyCount "83"]
[EventDate "2014.02.28"]

1. d4 Nf6 2. c4 e6 3. Nc3 Bb4 4. Qc2 c5 5. e3 b6 6. Be2 Bb7 7. Bf3 Nc6 8. Nge2
Qc7 9. Bd2 a6 10. O-O Rc8 11. a3 cxd4 12. exd4 Bd6 13. h3 O-O 14. Rac1 Ne7 15.
Ne4 Nxe4 16. Bxe4 f5 17. Bxb7 Qxb7 18. Qd3 Ng6 19. Rfd1 Bb8 20. Bg5 h6 21. Bd2
Nh4 22. f3 Ng6 23. Be3 Qc7 24. f4 Qb7 25. d5 exd5 26. Qxd5+ Qxd5 27. Rxd5 Rfe8
28. Kf2 Re4 29. g3 Rce8 30. Rc3 d6 31. b3 Ne7 32. Rd4 Nc6 33. Rxe4 Rxe4 34.
Bxb6 Kf7 35. Re3 Rxe3 36. Kxe3 Ke6 37. Nd4+ Nxd4 38. Kxd4 h5 39. h4 g6 40. b4
Ke7 41. Kd5 Kd7 42. a4 1-0

[Event "XIII Festival Scacchi tra le Torri A"]
[Site "Melegnano ITA"]
[Date "2014.03.01"]
[Round "2"]
[White "Zanetti, Alberto"]
[Black "Magrini, Fabrizio"]
[WhiteElo "2162"]
[BlackElo "2158"]
[Result "0-1"]
[PlyCount "72"]
[EventDate "2014.02.28"]

1. e4 c5 2. Nc3 a6 3. g3 Nc6 4. Bg2 g6 5. f4 Bg7 6. Nf3 d6 7. O-O e6 8. d3 Nge7
9. Be3 O-O 10. Qd2 Nd4 11. Nd1 Bd7 12. Nh4 Rb8 13. c3 Ndc6 14. Nf2 b5 15. f5
Ne5 16. g4 N7c6 17. Bg5 f6 18. Be3 b4 19. Qe2 bxc3 20. bxc3 Ne7 21. Rab1 Rxb1
22. Rxb1 exf5 23. gxf5 gxf5 24. d4 cxd4 25. cxd4 N5g6 26. Nxg6 Nxg6 27. Qxa6
Nh4 28. Qxd6 Nxg2 29. Kxg2 fxe4 30. Rb6 Kh8 31. Kh1 Qe8 32. Rb7 Bc8 33. Rb8 Qh5
34. Qf4 Bh6 35. Qxe4 Qe2 36. Ng4 Bxg4 0-1

[Event "XIII Festival Scacchi tra le Torri A"]
[Site "Melegnano ITA"]
[Date "2014.03.01"]
[Round "3"]
[White "Bemporad, Filippo"]
[Black "Minerva, Enzo"]
[WhiteElo "2058"]
[BlackElo "2043"]
[Result "1-0"]
[PlyCount "55"]
[EventDate "2014.02.28"]

1. d4 Nf6 2. Nf3 e6 3. g3 c5 4. Bg2 Nc6 5. O-O cxd4 6. Nxd4 d5 7. c4 Bc5 8.
Nxc6 bxc6 9. Nc3 O-O 10. cxd5 exd5 11. Bg5 h6 12. Bf4 Bg4 13. h3 Be6 14. Rc1
Qd7 15. Kh2 Bb6 16. Be5 Nh7 17. Na4 f5 18. Nc5 Qe7 19. Qc2 Rac8 20. e3 Nf6 21.
Bxf6 Rxf6 22. Rfd1 Bc7 23. Qd3 h5 24. h4 g6 25. b4 Kh7 26. Qa6 Bg8 27. Qxc8 Rf8
28. Qd7 1-0

[Event "XIII Festival Scacchi tra le Torri A"]
[Site "Melegnano ITA"]
[Date "2014.03.01"]
[Round "3"]
[White "Blengino, Cristiano"]
[Black "Pelizzola, Danilo"]
[WhiteElo "1943"]
[BlackElo "2143"]
[Result "0-1"]
[PlyCount "160"]
[EventDate "2014.02.28"]

1. d4 Nf6 2. c4 e6 3. Nc3 c5 4. d5 exd5 5. cxd5 g6 6. e4 d6 7. f4 Bg7 8. Bb5+
Nfd7 9. a4 O-O 10. Nf3 Na6 11. O-O Nb4 12. Re1 a6 13. Bf1 Re8 14. a5 Rb8 15.
Be3 Nf6 16. Bf2 Ng4 17. Bg3 Nh6 18. h3 Bd7 19. Kh1 Qc7 20. Nd2 f6 21. Nc4 Rbd8
22. f5 Nf7 23. fxg6 hxg6 24. Nb6 Re7 25. Rc1 Rde8 26. Bd3 Ne5 27. Bc2 Rf8 28.
Qd2 Be8 29. Bb1 Kh7 30. Rf1 Rh8 31. Qe2 Kg8 32. Kg1 Nd7 33. Nc4 Ne5 34. Nb6 Rh5
35. Rcd1 Qd8 36. Qf2 Rf7 37. Qe2 Rf8 38. Rf2 Bd7 39. Bf4 Qe7 40. Rc1 Rh7 41.
Rff1 Bh6 42. Bg3 Bg5 43. Rcd1 Qe8 44. b3 Rhf7 45. Bf4 Bxf4 46. Rxf4 Bb5 47. Qe3
Rh7 48. Qg3 g5 49. Na2 Rg7 50. Rf2 Qh5 51. Rdd2 Nxa2 52. Bxa2 Rh7 53. Nc4 Bxc4
54. bxc4 Qg6 55. Rf5 Rh4 56. Rb2 Rf7 57. Rb6 Rd7 58. Qe3 Qh5 59. Rb1 Kf7 60.
Rbf1 Qg6 61. Bb3 Kg7 62. Ba2 Rf7 63. Bb3 Rh8 64. Ba2 Re8 65. Qe2 Nd7 66. Bb1
Re5 67. Qg4 Rfe7 68. Bc2 Rxf5 69. exf5 Qh6 70. Qf3 Qh4 71. Qb3 Qd4+ 72. Kh1 Ne5
73. Re1 Kf7 74. Re4 Qa1+ 75. Bb1 Qxa5 76. Qd1 Ke8 77. Qh5+ Kd7 78. Qh6 Qa1 79.
Re1 Qc3 80. Rd1 Nxc4 0-1

[Event "XIII Festival Scacchi tra le Torri A"]
[Site "Melegnano ITA"]
[Date "2014.03.01"]
[Round "3"]
[White "Giretti Kanev, Jasen"]
[Black "Innocenti, Giovanni"]
[WhiteElo "2170"]
[BlackElo "2083"]
[Result "1-0"]
[PlyCount "109"]
[EventDate "2014.02.28"]

1. Nf3 d5 2. c4 c6 3. e3 Bg4 4. Qb3 Qc7 5. cxd5 Bxf3 6. gxf3 cxd5 7. Bb5+ Nd7
8. Qxd5 Qxc1+ 9. Ke2 Qc7 10. Rc1 Qd6 11. Qxb7 Rd8 12. Rc7 Ngf6 13. Na3 e6 14.
Rac1 Qb6 15. Qxb6 axb6 16. Nc4 Be7 17. Nxb6 Bd6 18. Nxd7 Bxc7 19. Nxf6+ Ke7 20.
Rxc7+ Kxf6 21. a4 Rd5 22. Bc4 Rh5 23. b4 Rxh2 24. a5 h5 25. a6 h4 26. Bd3 h3
27. Rc1 Rg2 28. Rh1 Ke5 29. f4+ Kd5 30. Kf3 f5 31. b5 Kc5 32. e4 g6 33. Bf1 Rg4
34. Rxh3 Rxh3+ 35. Bxh3 Rh4 36. Bf1 Rh1 37. exf5 exf5 38. Bg2 Rh8 39. Ke3 Re8+
40. Kd3 Rd8+ 41. Kc3 Kb6 42. Bc6 Rh8 43. Kd4 Rd8+ 44. Ke3 Rh8 45. d4 Rh3+ 46.
f3 Rh7 47. d5 Kc5 48. Bb7 Re7+ 49. Kd3 Kb6 50. Kd4 Re1 51. d6 Rb1 52. Bc6 Re1
53. d7 Rd1+ 54. Ke5 Kc7 55. a7 1-0

[Event "XIII Festival Scacchi tra le Torri A"]
[Site "Melegnano ITA"]
[Date "2014.03.01"]
[Round "3"]
[White "Gromovs, Sergejs"]
[Black "Mrdja, Milan"]
[WhiteElo "2181"]
[BlackElo "2367"]
[Result "0-1"]
[PlyCount "76"]
[EventDate "2014.02.28"]

1. d4 e6 2. c4 Bb4+ 3. Nd2 Nf6 4. a3 Bxd2+ 5. Bxd2 d5 6. e3 Ne4 7. Bc1 O-O 8.
Bd3 b6 9. Qc2 Bb7 10. Ne2 Nd7 11. cxd5 exd5 12. f3 Nef6 13. b4 Re8 14. O-O c5
15. bxc5 bxc5 16. Rb1 Qc8 17. dxc5 Ba6 18. Bxa6 Qxa6 19. Nd4 Rac8 20. Rb5 Ne5
21. Qc3 Rc7 22. Re1 Nfd7 23. e4 dxe4 24. Rxe4 Nf6 25. Re1 Qc8 26. Rd1 a6 27.
Ra5 Rd7 28. Ra4 Rd5 29. c6 Nxc6 30. Rc4 Rxd4 31. Rdxd4 Nxd4 32. Qxd4 Qe6 33. h3
h6 34. Bb2 Qf5 35. Rc6 Re6 36. Rc8+ Kh7 37. Rc7 Re2 38. Bc3 Qg6 0-1

[Event "XIII Festival Scacchi tra le Torri A"]
[Site "Melegnano ITA"]
[Date "2014.03.01"]
[Round "3"]
[White "Magrini, Fabrizio"]
[Black "Collutiis, Duilio"]
[WhiteElo "2158"]
[BlackElo "2474"]
[Result "1/2-1/2"]
[PlyCount "112"]
[EventDate "2014.02.28"]

1. e4 c5 2. Nf3 Nc6 3. d4 cxd4 4. Nxd4 Qc7 5. Nc3 e6 6. Ndb5 Qb8 7. g3 a6 8.
Nd4 h5 9. h3 h4 10. g4 Nge7 11. Be3 Ng6 12. Nce2 b5 13. Bg2 Bb7 14. f4 Bd6 15.
O-O Nxd4 16. Qxd4 e5 17. Qd2 exf4 18. Nxf4 Nxf4 19. Bxf4 Be5 20. Rad1 Bc6 21.
c3 f6 22. g5 Qb6+ 23. Kh1 Bxf4 24. Qxf4 O-O-O 25. gxf6 gxf6 26. Qxf6 Rdg8 27.
Rd4 Qc5 28. Rf5 Qb6 29. Qd6 Qd8 30. a4 Rg3 31. axb5 axb5 32. Rc5 Qc7 33. Qxc7+
Kxc7 34. Rf5 Ra8 35. Rf3 Rg5 36. Rf4 Ra2 37. Rd2 Rg3 38. Rdf2 Re3 39. Kh2 Kb6
40. e5 Ra4 41. Bxc6 Kxc6 42. Rxa4 bxa4 43. Rf4 Re2+ 44. Kg1 Kb5 45. Rb4+ Ka5
46. Rb7 Ka6 47. Rxd7 Rxb2 48. e6 a3 49. Rd4 a2 50. Ra4+ Kb5 51. e7 Kxa4 52.
e8=Q+ Kb3 53. Qe6+ Kxc3 54. Qe3+ Kb4 55. Qb6+ Kc3 56. Qe3+ Kb4 1/2-1/2

[Event "XIII Festival Scacchi tra le Torri A"]
[Site "Melegnano ITA"]
[Date "2014.03.01"]
[Round "3"]
[White "Rigo, Gianfrancesco"]
[Black "Zanetti, Alberto"]
[WhiteElo "2013"]
[BlackElo "2162"]
[Result "1/2-1/2"]
[PlyCount "96"]
[EventDate "2014.02.28"]

1. e4 d5 2. exd5 c6 3. d4 cxd5 4. Bd3 Nc6 5. c3 Nf6 6. Bf4 g6 7. Nd2 Bg7 8.
Ngf3 O-O 9. O-O Nh5 10. Be3 Qd6 11. Qb3 Kh8 12. c4 Na5 13. Qb5 Nxc4 14. Bxc4
dxc4 15. Nxc4 Qd8 16. Rac1 Be6 17. Rfd1 Qd5 18. Qb4 Rac8 19. b3 Bg4 20. Nce5
Bxe5 21. dxe5 Rxc1 22. Rxc1 Bxf3 23. Qxe7 Kg8 24. gxf3 Qxf3 25. Rc4 b5 26. Rd4
Qf5 27. Bh6 Ng7 28. Qf6 Qxf6 29. exf6 Nf5 30. Bxf8 Nxd4 31. Bc5 Nc6 32. Kg2 a6
33. Kf3 Ne5+ 34. Kg3 g5 35. Bd4 Nc6 36. Be3 h6 37. h4 gxh4+ 38. Kxh4 Kh7 39.
Kh5 Nb4 40. Bxh6 Nxa2 41. Bd2 b4 42. Kg5 Nc3 43. Kf5 a5 44. Ke5 a4 45. bxa4
Nxa4 46. Bxb4 Nb6 47. Be7 Kg6 48. Kd6 Nc4+ 1/2-1/2

[Event "XIII Festival Scacchi tra le Torri A"]
[Site "Melegnano ITA"]
[Date "2014.03.01"]
[Round "3"]
[White "Salvador, Roland"]
[Black "Tagliaferri, Valerio"]
[WhiteElo "2462"]
[BlackElo "1892"]
[Result "1-0"]
[PlyCount "49"]
[EventDate "2014.02.28"]

1. c4 f5 2. d4 Nf6 3. g3 e6 4. Bg2 Be7 5. Nh3 d6 6. b4 c6 7. O-O O-O 8. Qb3 Bd7
9. Nd2 Be8 10. e4 fxe4 11. Nxe4 Nxe4 12. Bxe4 Nd7 13. Qd3 Nf6 14. Ng5 Nxe4 15.
Nxe6 Nxf2 16. Rxf2 Bg6 17. Qa3 Qb6 18. c5 Qb5 19. Nxf8 Rxf8 20. Rxf8+ Bxf8 21.
Bf4 Be4 22. Qe3 d5 23. Rf1 Qxb4 24. Qf2 Bd3 25. Bd6 1-0

[Event "XIII Festival Scacchi tra le Torri A"]
[Site "Melegnano ITA"]
[Date "2014.03.01"]
[Round "3"]
[White "Xia, Jie"]
[Black "Bonassi, Tommaso"]
[WhiteElo "2274"]
[BlackElo "1953"]
[Result "1/2-1/2"]
[PlyCount "100"]
[EventDate "2014.02.28"]

1. e4 c5 2. d4 cxd4 3. c3 Nf6 4. e5 Nd5 5. Nf3 e6 6. cxd4 Nc6 7. Bd3 d6 8. O-O
Qb6 9. Nc3 Bd7 10. Nxd5 exd5 11. exd6 Bxd6 12. Re1+ Ne7 13. Ne5 Be6 14. Qa4+
Nc6 15. Bb5 Rc8 16. Bf4 O-O 17. Nd7 Bxd7 18. Bxd6 a6 19. Bxc6 Bxc6 20. Qa3 Rfe8
21. Bc5 Qd8 22. Be7 Qb6 23. Bc5 Qd8 24. Qf3 Qd7 25. Qg3 Rxe1+ 26. Rxe1 Re8 27.
Rxe8+ Qxe8 28. h3 h6 29. Bd6 Qe6 30. Be5 Qg6 31. Qb3 Qb1+ 32. Kh2 Qf5 33. f3 h5
34. Qb6 Qd7 35. Qc5 Qe8 36. Qc1 Qe6 37. h4 Qe7 38. Bg3 Qf6 39. Qe3 Qe6 40. Qg5
Qg6 41. Qe5 f6 42. Qd6 Qe8 43. a3 Qd7 44. Qf4 Bb5 45. b4 Bc6 46. Bf2 Qe6 47.
Bg3 Qd7 48. Qb8+ Qe8 49. Qd6 Qd7 50. Qc5 Kf7 1/2-1/2

[Event "XIII Festival Scacchi tra le Torri A"]
[Site "Melegnano ITA"]
[Date "2014.03.02"]
[Round "4"]
[White "Collutiis, Duilio"]
[Black "Gromovs, Sergejs"]
[WhiteElo "2474"]
[BlackElo "2181"]
[Result "1-0"]
[PlyCount "117"]
[EventDate "2014.02.28"]

1. e4 c5 2. Nf3 Nc6 3. Bb5 Na5 4. c3 a6 5. Ba4 b5 6. Bc2 Bb7 7. O-O Nf6 8. Qe2
Qc7 9. Re1 e5 10. d3 Be7 11. Bg5 h6 12. Bxf6 Bxf6 13. Nbd2 O-O 14. Nf1 Nc6 15.
Ne3 Ne7 16. Ng4 Ng6 17. Nxf6+ gxf6 18. Nd2 Kh7 19. Qf3 Qd6 20. Nf1 Rg8 21. g3
Qe6 22. Ne3 Nf4 23. Kh1 Qh3 24. Ng2 Qxg2+ 25. Qxg2 Nxg2 26. Kxg2 f5 27. Kf3 Kg6
28. Ke3 Kf6 29. exf5 d5 30. d4 cxd4+ 31. cxd4 e4 32. f3 Rac8 33. Rac1 exf3 34.
Bd3 Rg7 35. Rxc8 Bxc8 36. Rf1 h5 37. Rxf3 Bd7 38. h3 Rg8 39. Kf4 a5 40. Re3 b4
41. Re5 Bc6 42. Be2 h4 43. g4 a4 44. Bf3 Rc8 45. g5+ Kg7 46. f6+ Kf8 47. Bxd5
Be8 48. Re7 Rc2 49. g6 fxg6 50. Rg7 Rf2+ 51. Ke5 Rf5+ 52. Ke6 Rf2 53. Rh7 Kg8
54. Rb7 Kf8 55. Rb8 g5 56. Bc6 Re2+ 57. Kf5 a3 58. bxa3 bxa3 59. Rxe8+ 1-0

[Event "XIII Festival Scacchi tra le Torri A"]
[Site "Melegnano ITA"]
[Date "2014.03.02"]
[Round "4"]
[White "Innocenti, Giovanni"]
[Black "Rigo, Gianfrancesco"]
[WhiteElo "2083"]
[BlackElo "2013"]
[Result "1-0"]
[PlyCount "85"]
[EventDate "2014.02.28"]

1. e4 e5 2. Bc4 Nf6 3. d3 c6 4. Nf3 d5 5. Bb3 Bd6 6. exd5 cxd5 7. Bg5 Qa5+ 8.
Nbd2 Nbd7 9. O-O h6 10. Bh4 O-O 11. Re1 Re8 12. c4 e4 13. Nd4 Be5 14. Nb5 a6
15. d4 Bf4 16. Nc3 g5 17. Bg3 Nb6 18. Bxf4 gxf4 19. c5 Nc4 20. Bxc4 dxc4 21.
Nxc4 Qb4 22. Nd6 Re7 23. Qd2 e3 24. fxe3 fxe3 25. Rxe3 Rxe3 26. Qxe3 Be6 27.
Rf1 Ng4 28. Qd2 Kg7 29. h3 Nf6 30. Qf2 Nd7 31. d5 Qxc5 32. dxe6 Qxf2+ 33. Rxf2
Ne5 34. exf7 Rf8 35. Nce4 Nxf7 36. Rxf7+ Rxf7 37. Nxf7 Kxf7 38. Nd6+ Ke6 39.
Nxb7 Kd5 40. g4 Kc6 41. Na5+ Kd5 42. Kf2 Ke4 43. Kg3 1-0

[Event "XIII Festival Scacchi tra le Torri A"]
[Site "Melegnano ITA"]
[Date "2014.03.02"]
[Round "4"]
[White "Magrini, Fabrizio"]
[Black "Giretti Kanev, Jasen"]
[WhiteElo "2158"]
[BlackElo "2170"]
[Result "0-1"]
[PlyCount "76"]
[EventDate "2014.02.28"]

1. e4 c6 2. d3 d5 3. Nd2 e5 4. Ngf3 Bd6 5. Qe2 Nf6 6. g3 O-O 7. Bg2 Re8 8. O-O
Bg4 9. h3 Bh5 10. Re1 Na6 11. c3 Nc5 12. b3 Bf8 13. Qe3 a5 14. Bb2 dxe4 15.
Nxe4 Qxd3 16. Nxc5 Qxe3 17. Rxe3 Bxf3 18. Bxf3 Bxc5 19. Re2 e4 20. Bg2 Nh5 21.
Kh2 f5 22. Rae1 Kf7 23. Bc1 g6 24. Bg5 Ng7 25. f3 Ne6 26. Bc1 exf3 27. Bxf3
Rad8 28. Be3 Bxe3 29. Rxe3 Ng5 30. Bg2 Rxe3 31. Rxe3 Rd2 32. a3 Ra2 33. a4 Rb2
34. c4 Ne4 35. g4 Kf6 36. gxf5 gxf5 37. Rd3 Nc5 38. Rd6+ Kg5 0-1

[Event "XIII Festival Scacchi tra le Torri A"]
[Site "Melegnano ITA"]
[Date "2014.03.02"]
[Round "4"]
[White "Minerva, Enzo"]
[Black "Blengino, Cristiano"]
[WhiteElo "2043"]
[BlackElo "1943"]
[Result "0-1"]
[PlyCount "90"]
[EventDate "2014.02.28"]

1. Nf3 Nf6 2. d3 d5 3. g3 Bg4 4. Bg2 e6 5. h3 Bxf3 6. Bxf3 Nbd7 7. c4 c6 8.
cxd5 cxd5 9. Qa4 Be7 10. Nc3 h6 11. Bf4 O-O 12. O-O a6 13. d4 b5 14. Qb3 Nb6
15. Rac1 Rc8 16. Nb1 Qd7 17. Nd2 Rfd8 18. h4 Nc4 19. Rc2 Na5 20. Qd3 Rxc2 21.
Qxc2 Rc8 22. Qd3 Qc6 23. Nb3 Nxb3 24. Qxb3 Qb6 25. a4 b4 26. Rd1 Rc4 27. e4
Rxd4 28. exd5 exd5 29. Re1 Bc5 30. Be3 Rc4 31. Bxd5 Bxe3 32. Bxf7+ Kf8 33. fxe3
Rg4 34. Kg2 Qb7+ 35. Kh3 Qxf7 36. Qd1 Qe6 37. Qd8+ Kf7 38. Qc7+ Kg8 39. Qd8+
Kh7 40. Kh2 Re4 41. Qd3 h5 42. Rf1 Kh6 43. Qd8 Rxe3 44. Rxf6+ gxf6 45. Qh8+ Kg6
0-1

[Event "XIII Festival Scacchi tra le Torri A"]
[Site "Melegnano ITA"]
[Date "2014.03.02"]
[Round "4"]
[White "Mrdja, Milan"]
[Black "Salvador, Roland"]
[WhiteElo "2367"]
[BlackElo "2462"]
[Result "1/2-1/2"]
[PlyCount "111"]
[EventDate "2014.02.28"]

1. e4 c5 2. Nf3 e6 3. d4 cxd4 4. Nxd4 a6 5. Nc3 Qc7 6. g3 Bb4 7. Nde2 Nf6 8.
Bg2 Be7 9. O-O d6 10. h3 Nc6 11. a4 Bd7 12. b3 Rc8 13. Bb2 O-O 14. Qd2 Rfd8 15.
Rfd1 Nb4 16. Nf4 Bc6 17. Qe2 b6 18. Rd4 a5 19. Rd2 Qb7 20. Re1 Ne8 21. Nb5 e5
22. c3 exf4 23. cxb4 fxg3 24. fxg3 axb4 25. Nd4 Bg5 26. Rdd1 Qe7 27. h4 Bh6 28.
Nf5 Qe6 29. Nxh6+ Qxh6 30. Rd4 Qg6 31. Qe3 Nf6 32. Rxb4 Nh5 33. Qg5 Nxg3 34.
Qxg6 hxg6 35. Rxb6 Re8 36. Re3 Nh5 37. Rc3 Ba8 38. Rxc8 Rxc8 39. Rxd6 Kh7 40.
Bf3 Ng3 41. Be5 Nxe4 42. Rd4 Rc1+ 43. Rd1 Rc5 44. Bd4 Rf5 45. Bg2 Rf4 46. Rf1
Rg4 47. Be3 Ng5 48. Rf2 Nh3+ 49. Kf1 Nxf2 50. Bxa8 Nd3 51. a5 Nb4 52. Bb7 Rxh4
53. a6 Nxa6 54. Bxa6 Rb4 55. Bc4 f5 56. Bg5 1/2-1/2

[Event "XIII Festival Scacchi tra le Torri A"]
[Site "Melegnano ITA"]
[Date "2014.03.02"]
[Round "4"]
[White "Pelizzola, Danilo"]
[Black "Bonassi, Tommaso"]
[WhiteElo "2143"]
[BlackElo "1953"]
[Result "0-1"]
[PlyCount "47"]
[EventDate "2014.02.28"]

1. e4 c5 2. Nf3 d6 3. Bb5+ Bd7 4. Bxd7+ Qxd7 5. O-O Nc6 6. Nc3 e6 7. d4 cxd4 8.
Nxd4 Nf6 9. Be3 Be7 10. Qd2 O-O 11. f3 Ne5 12. b3 Rac8 13. Rac1 d5 14. exd5 Bb4
15. Nde2 Nxd5 16. Bd4 Nxc3 17. Nxc3 Nc6 18. Be3 Qc7 19. a3 Bxa3 20. Ne4 Bxc1
21. Rxc1 Rfd8 22. Qf2 Nb4 23. Qh4 Nd5 24. Ng5 0-1

[Event "XIII Festival Scacchi tra le Torri A"]
[Site "Melegnano ITA"]
[Date "2014.03.02"]
[Round "4"]
[White "Tagliaferri, Valerio"]
[Black "Xia, Jie"]
[WhiteElo "1892"]
[BlackElo "2274"]
[Result "0-1"]
[PlyCount "120"]
[EventDate "2014.02.28"]

1. d4 Nf6 2. c4 g6 3. Nc3 Bg7 4. Nf3 O-O 5. Bg5 d6 6. e3 Nbd7 7. Qc2 c6 8. Bd3
e5 9. O-O Qc7 10. b4 Re8 11. b5 h6 12. Bh4 Nh7 13. dxe5 dxe5 14. e4 Nc5 15. Be2
Bg4 16. h3 Bxf3 17. Bxf3 Bf6 18. Bg3 Ng5 19. Qe2 Nce6 20. Qe3 Be7 21. Ne2 Bc5
22. Qb3 Nf4 23. Rfe1 Rad8 24. Rac1 Nd3 25. Rcd1 Nxe1 26. Rxe1 Qa5 27. Rb1 Rd2
28. Rb2 Rxb2 29. Qxb2 Qa3 30. Bxe5 Qxb2 31. Bxb2 Nxe4 32. bxc6 bxc6 33. Bd4
Bxd4 34. Nxd4 Nd2 35. Bxc6 Re1+ 36. Kh2 Nxc4 37. Nf3 Ra1 38. Bd5 Nb6 39. Bb3
Kg7 40. Ne5 f6 41. Nc6 a6 42. g3 Rc1 43. Na5 Rc7 44. h4 f5 45. Kg2 Kf6 46. f4
g5 47. hxg5+ hxg5 48. Kf3 Rc5 49. Nb7 Rc3+ 50. Kf2 gxf4 51. gxf4 Ke7 52. Ke2
Rc7 53. Na5 Kd6 54. Kd3 Re7 55. Bc4 Nxc4 56. Nxc4+ Kc5 57. Ne3 Rxe3+ 58. Kxe3
Kc4 59. a3 a5 60. a4 Kc3 0-1

[Event "XIII Festival Scacchi tra le Torri A"]
[Site "Melegnano ITA"]
[Date "2014.03.02"]
[Round "4"]
[White "Zanetti, Alberto"]
[Black "Bemporad, Filippo"]
[WhiteElo "2162"]
[BlackElo "2058"]
[Result "1-0"]
[PlyCount "75"]
[EventDate "2014.02.28"]

1. e4 c5 2. Nf3 d6 3. d4 cxd4 4. Nxd4 Nf6 5. Nc3 e6 6. g4 h6 7. h4 a6 8. Rg1
Nfd7 9. g5 hxg5 10. hxg5 g6 11. Be3 b5 12. Qd2 Bb7 13. a3 Nc6 14. f4 Qc7 15.
O-O-O O-O-O 16. Be2 Kb8 17. f5 Bg7 18. Ncxb5 axb5 19. Nxb5 Qa5 20. Qxd6+ Kc8
21. b4 Nxb4 22. Qxb4 Qxb4 23. axb4 Bf8 24. fxe6 fxe6 25. Nd6+ Bxd6 26. Rxd6
Bxe4 27. Rxe6 Bf5 28. Ba6+ Kb8 29. Rd6 Rh2 30. Bd3 Bxd3 31. Rxd3 Kc8 32. Rgd1
Rh7 33. Kb2 Re8 34. Bd4 Kc7 35. Kb3 Nf8 36. Bf6 Ne6 37. c4 Ra8 38. c5 1-0